000 00238nam a22001097a 4500
082 _aRAS
100 _aRashid Khalifa
245 _aQuran: Visual persentation of the miracle
260 _aKarachi
_bTath pub
300 _a247
942 _cBK
999 _c57788
_d57785